<?xml version="1.0" encoding="UTF-8"?>
<collection xmlns="http://www.loc.gov/MARC21/slim">
<record>
  <controlfield tag="001">153654</controlfield>
  <controlfield tag="005">20251017144558.0</controlfield>
  <datafield tag="024" ind1="7" ind2=" ">
    <subfield code="2">doi</subfield>
    <subfield code="a">10.1016/S0140-6736(25)00145-X</subfield>
  </datafield>
  <datafield tag="024" ind1="8" ind2=" ">
    <subfield code="2">sideral</subfield>
    <subfield code="a">143785</subfield>
  </datafield>
  <datafield tag="037" ind1=" " ind2=" ">
    <subfield code="a">ART-2025-143785</subfield>
  </datafield>
  <datafield tag="041" ind1=" " ind2=" ">
    <subfield code="a">eng</subfield>
  </datafield>
  <datafield tag="100" ind1=" " ind2=" ">
    <subfield code="a">Castells, Antoni</subfield>
  </datafield>
  <datafield tag="245" ind1=" " ind2=" ">
    <subfield code="a">Effect of invitation to colonoscopy versus faecal immunochemical test screening on colorectal cancer mortality (COLONPREV): a pragmatic, randomised, controlled, non-inferiority trial</subfield>
  </datafield>
  <datafield tag="260" ind1=" " ind2=" ">
    <subfield code="c">2025</subfield>
  </datafield>
  <datafield tag="520" ind1="3" ind2=" ">
    <subfield code="a">Background: Colonoscopy and the faecal immunochemical test are accepted strategies for colorectal cancer screening in the average-risk population (ie, people aged ≥50 years without personal or family history of colorectal cancer). In this trial, we aimed to compare whether invitation to screening with faecal immunochemical test was non-inferior to colonoscopy in a screening programme. Methods: COLONPREV was a pragmatic, randomised, controlled, non-inferiority trial done at 15 tertiary hospitals across eight regions of Spain. Eligible participants were presumptively healthy and aged between 50 years and 69 years without a personal history of colorectal cancer, adenoma or inflammatory bowel disease, family history of hereditary or familial colorectal cancer (ie, two or more first-degree relatives with colorectal cancer or one diagnosed before age 60 years), severe comorbidities, or previous colectomy. Participants were randomly assigned (1:1) to one-time colonoscopy or biennial faecal immunochemical test before invitation to screening. The primary endpoint was colorectal cancer mortality at 10 years, assessed in the intention-to-screen population. An absolute difference of less than 0·16 percentage points was required to show non-inferiority. This trial was registered with ClinicalTrials.gov, NCT00906997. Findings: Between June 1, 2009, and Dec 31, 2021, 57 404 individuals were randomly assigned to receive an invitation for colonoscopy (n=28 708) or the faecal immunochemical test (n=28 696). The intention-to-screen population consisted of 26 332 individuals in the colonoscopy group and 26 719 in the faecal immunochemical test group. In the intention-to-screen population, participation in any form of screening was 31·8% in the colonoscopy group and 39·9% in the faecal immunochemical test group (risk ratio [RR] 0·79 [95% CI 0·77 to 0·82]). Faecal immunochemical testing was non-inferior to colonoscopy with regard to the risk of colorectal cancer mortality at 10 years: the risk was 0·22% (55 deaths) in the colonoscopy group and 0·24% (60 deaths) in the faecal immunochemical test group (risk difference -0·02 [95% CI -0·10 to 0·06; RR 0·92 [95% CI 0·64 to 1·32]; pnon-inferiority=0·0005). Interpretation: Participation in screening was higher among individuals invited to faecal immunochemical test screening than colonoscopy screening. On the basis of participation observed in this study, a faecal immunochemical test-based programme was non-inferior to a colonoscopy-based programme for colorectal cancer-related mortality.</subfield>
  </datafield>
  <datafield tag="536" ind1=" " ind2=" ">
    <subfield code="9">info:eu-repo/grantAgreement/ES/ISCIII/CD22-00087</subfield>
    <subfield code="9">info:eu-repo/grantAgreement/ES/ISCIII/FI22-00203</subfield>
    <subfield code="9">info:eu-repo/grantAgreement/ES/ISCIII/INT22-00009</subfield>
    <subfield code="9">info:eu-repo/grantAgreement/ES/ISCIII/PI08-90717</subfield>
  </datafield>
  <datafield tag="540" ind1=" " ind2=" ">
    <subfield code="9">info:eu-repo/semantics/closedAccess</subfield>
    <subfield code="a">All rights reserved</subfield>
    <subfield code="u">http://www.europeana.eu/rights/rr-f/</subfield>
  </datafield>
  <datafield tag="655" ind1=" " ind2="4">
    <subfield code="a">info:eu-repo/semantics/article</subfield>
    <subfield code="v">info:eu-repo/semantics/publishedVersion</subfield>
  </datafield>
  <datafield tag="700" ind1=" " ind2=" ">
    <subfield code="a">Quintero, Enrique</subfield>
  </datafield>
  <datafield tag="700" ind1=" " ind2=" ">
    <subfield code="a">Bujanda, Luis</subfield>
  </datafield>
  <datafield tag="700" ind1=" " ind2=" ">
    <subfield code="a">Castán-Cameo, Susana</subfield>
  </datafield>
  <datafield tag="700" ind1=" " ind2=" ">
    <subfield code="a">Cubiella, Joaquín</subfield>
  </datafield>
  <datafield tag="700" ind1=" " ind2=" ">
    <subfield code="a">Díaz-Tasende, José</subfield>
  </datafield>
  <datafield tag="700" ind1=" " ind2=" ">
    <subfield code="a">Lanas, Ángel</subfield>
    <subfield code="u">Universidad de Zaragoza</subfield>
    <subfield code="0">(orcid)0000-0001-5932-2889</subfield>
  </datafield>
  <datafield tag="700" ind1=" " ind2=" ">
    <subfield code="a">Akiko, Ono</subfield>
  </datafield>
  <datafield tag="700" ind1=" " ind2=" ">
    <subfield code="a">Serra-Burriel, Miquel</subfield>
  </datafield>
  <datafield tag="700" ind1=" " ind2=" ">
    <subfield code="a">Frías-Arrocha, Eladio</subfield>
  </datafield>
  <datafield tag="700" ind1=" " ind2=" ">
    <subfield code="a">Hernández, Cristina</subfield>
  </datafield>
  <datafield tag="700" ind1=" " ind2=" ">
    <subfield code="a">Jover, Rodrigo</subfield>
  </datafield>
  <datafield tag="700" ind1=" " ind2=" ">
    <subfield code="a">Andreu, Montserrat</subfield>
  </datafield>
  <datafield tag="700" ind1=" " ind2=" ">
    <subfield code="a">Carballo, Fernando</subfield>
  </datafield>
  <datafield tag="700" ind1=" " ind2=" ">
    <subfield code="a">Morillas, Juan Diego</subfield>
  </datafield>
  <datafield tag="700" ind1=" " ind2=" ">
    <subfield code="a">Salas, Dolores</subfield>
  </datafield>
  <datafield tag="700" ind1=" " ind2=" ">
    <subfield code="a">Almazán, Raquel</subfield>
  </datafield>
  <datafield tag="700" ind1=" " ind2=" ">
    <subfield code="a">Alonso-Abreu, Inmaculada</subfield>
  </datafield>
  <datafield tag="700" ind1=" " ind2=" ">
    <subfield code="a">Banales, Jesús M.</subfield>
  </datafield>
  <datafield tag="700" ind1=" " ind2=" ">
    <subfield code="a">Hernández, Vicent</subfield>
  </datafield>
  <datafield tag="700" ind1=" " ind2=" ">
    <subfield code="a">Portillo, Isabel</subfield>
  </datafield>
  <datafield tag="700" ind1=" " ind2=" ">
    <subfield code="a">Vanaclocha-Espí, Mercedes</subfield>
  </datafield>
  <datafield tag="700" ind1=" " ind2=" ">
    <subfield code="a">Vega, Mariola de la</subfield>
  </datafield>
  <datafield tag="700" ind1=" " ind2=" ">
    <subfield code="a">COLONPREV study investigators</subfield>
  </datafield>
  <datafield tag="710" ind1="2" ind2=" ">
    <subfield code="1">1007</subfield>
    <subfield code="2">610</subfield>
    <subfield code="a">Universidad de Zaragoza</subfield>
    <subfield code="b">Dpto. Medicina, Psiqu. y Derm.</subfield>
    <subfield code="c">Area Medicina</subfield>
  </datafield>
  <datafield tag="773" ind1=" " ind2=" ">
    <subfield code="g">405, 10486 (2025), 1231-1239</subfield>
    <subfield code="p">Lancet</subfield>
    <subfield code="t">The Lancet</subfield>
    <subfield code="x">0140-6736</subfield>
  </datafield>
  <datafield tag="856" ind1="4" ind2=" ">
    <subfield code="s">868409</subfield>
    <subfield code="u">http://zaguan.unizar.es/record/153654/files/texto_completo.pdf</subfield>
    <subfield code="y">Versión publicada</subfield>
  </datafield>
  <datafield tag="856" ind1="4" ind2=" ">
    <subfield code="s">3102736</subfield>
    <subfield code="u">http://zaguan.unizar.es/record/153654/files/texto_completo.jpg?subformat=icon</subfield>
    <subfield code="x">icon</subfield>
    <subfield code="y">Versión publicada</subfield>
  </datafield>
  <datafield tag="909" ind1="C" ind2="O">
    <subfield code="o">oai:zaguan.unizar.es:153654</subfield>
    <subfield code="p">articulos</subfield>
    <subfield code="p">driver</subfield>
  </datafield>
  <datafield tag="951" ind1=" " ind2=" ">
    <subfield code="a">2025-10-17-14:13:41</subfield>
  </datafield>
  <datafield tag="980" ind1=" " ind2=" ">
    <subfield code="a">ARTICLE</subfield>
  </datafield>
</record>
</collection>